000 00430nam a2200157Ia 4500
003 LK-CoDNM
008 010623t1983 xxu||||| |||| 00| 1 sin d
040 _aLK-CoDNM
_dLK-CoDNM
_eLK-CoDNM
041 _asin
080 _a(X)338.98
245 _aප්‍ර‍ගතිය 1982
246 _aPragathiya 1982
260 _bSalasum Kriyathmaka Kirime Departhumenthuwa
_aColombo 1
_c1983
300 _b154p.;28 cm cm
942 _cBK
999 _c112289
_d112289